Statistics for LittleBigPlanet Games

Click here to take the quiz!

General Stats

  • This quiz has been taken 19 times
  • The average score is 7 of 10

Answer Stats

ConsoleGame% Correct
PS3LittleBigPlanet
100%
PSPLittleBigPlanet
100%
PS3LittleBigPlanet 2
100%
PS3 / PS4LittleBigPlanet 3
100%
PS3LittleBigPlanet Karting
74%
PS4 / PS5Sackboy: A Big Adventure
74%
PSVitaLittleBigPlanet PlayStation Vita
58%
Mobile / PSVitaRun Sackboy! Run!
58%
PS3Sackboy’s Prehistoric Moves
37%
MobileUltimate Sackboy
37%

Score Distribution

Percentile by Number Answered

Percent of People with Each Score

Your Score History

You have not taken this quiz